[Event "SVK-chT2D 2122"]
[Site "Slovakia"]
[Date "2022.03.27"]
[Round "9.4"]
[White "Paulina, Pavol"]
[Black "Zrost, Rudolf"]
[Result "1-0"]
[WhiteElo "1876"]
[BlackElo "1984"]
[PlyCount "71"]
[EventDate "2021.10.16"]
[EventType "team-tourn"]
[EventRounds "11"]
[EventCountry "SVK"]
[SourceTitle "EXT 2023"]
[Source "ChessBase"]
[SourceDate "2022.10.05"]
[SourceVersion "1"]
[SourceVersionDate "2022.10.05"]
[SourceQuality "1"]
[WhiteTeam "Michalovce Zemplin II"]
[BlackTeam "Spisska Nova Ves"]
[WhiteTeamCountry "SVK"]
[BlackTeamCountry "SVK"]

1. d4 Nf6 2. c4 g6 3. Nc3 Bg7 4. e4 d6 5. f3 0-0 6. Be3 a6 7. Bd3 Nbd7 8. Qd2 Re8 9. b3 c6 10. a4 e5 11. d5 Nc5 12. Bc2 cxd5 13. cxd5 Nh5 14. Nge2 f5 15. b4 f4 16. bxc5 fxe3 17. Qxe3 Nf4 18. 0-0 Qg5 19. Nxf4 exf4 20. Qd2 dxc5 21. Ra2 Bd4+ 22. Kh1 Qh4 23. Ne2 Be3 24. Qe1 Qh6 25. Qc3 Qg5 26. Bb3 Qe5 27. g3 g5 28. Rd1 Qd6 29. Bc4 h5 30. gxf4 gxf4 31. Nxf4 Bd4 32. Rg2+ Kf7 33. Qd2 Qe5 34. Bd3 Bd7 35. Ng6 Qf6 36. e5 1-0

[Event "SVK-chT1E 2122"]
[Site "Slovakia"]
[Date "2022.02.26"]
[Round "4.7"]
[White "Paulina, Pavol"]
[Black "Magat, Jozef"]
[Result "0-1"]
[WhiteElo "1878"]
[BlackElo "2030"]
[PlyCount "64"]
[EventDate "2022.01.29"]
[EventType "team-tourn"]
[EventRounds "11"]
[EventCountry "SVK"]
[SourceTitle "EXT 2023"]
[Source "ChessBase"]
[SourceDate "2022.10.05"]
[SourceVersion "1"]
[SourceVersionDate "2022.10.05"]
[SourceQuality "1"]
[WhiteTeam "Michalovce Zemplin"]
[BlackTeam "Dunajov Inbest"]
[WhiteTeamCountry "SVK"]
[BlackTeamCountry "SVK"]

1. d4 Nf6 2. c4 e6 3. Nc3 d5 4. Bg5 Be7 5. e3 0-0 6. Nf3 c6 7. Bd3 dxc4 8. Bxc4 Nbd7 9. 0-0 b5 10. Bb3 Bb7 11. Qd3 a6 12. Rfd1 c5 13. dxc5 Nxc5 14. Qb1 Qb6 15. Bc2 h6 16. Bh4 Rfd8 17. b4 Ncd7 18. Qb2 Rac8 19. Rac1 Bxf3 20. gxf3 Ne5 21. Rxd8+ Rxd8 22. Kg2 Nc4 23. Qb1 Rd2 24. Nd1 g5 25. Bg3 Nxe3+ 26. Nxe3 Qxe3 27. Qb3 Rxf2+ 28. Bxf2 Qxc1 29. a4 Qd2 30. axb5 axb5 31. Kf1 Nd5 32. Qd3 Qc1+ 0-1

[Event "SVK-chT1E 1920"]
[Site "Slovakia"]
[Date "2019.10.13"]
[Round "2.5"]
[White "Paulina, Pavol"]
[Black "Kerdik, Adam"]
[Result "1/2-1/2"]
[WhiteElo "1890"]
[BlackElo "2058"]
[PlyCount "51"]
[EventDate "2019.10.12"]
[EventType "team-tourn"]
[EventRounds "11"]
[EventCountry "SVK"]
[SourceTitle "CBM 193 Extra"]
[Source "ChessBase"]
[SourceDate "2020.01.31"]
[SourceVersion "1"]
[SourceVersionDate "2020.01.31"]
[SourceQuality "1"]
[WhiteTeam "Michalovce Zemplin"]
[BlackTeam "Liptov Chess School II"]
[WhiteTeamCountry "SVK"]
[BlackTeamCountry "SVK"]

1. d4 Nf6 2. c4 e6 3. Nc3 Bb4 4. a3 Bxc3+ 5. bxc3 c5 6. Nf3 Nc6 7. e3 0-0 8. Bd3 b6 9. 0-0 Ba6 10. Re1 Na5 11. Nd2 Rc8 12. Qe2 d6 13. e4 e5 14. d5 Qd7 15. Rb1 Qa4 16. Qf1 Rce8 17. Re3 Nh5 18. g3 g6 19. Qe2 Ng7 20. g4 h5 21. h3 Qd7 22. Rg3 h4 23. Rg2 g5 24. Nf1 f6 25. Ne3 Re7 26. Kh1 1/2-1/2

[Event "SVK-chT1E 1819"]
[Site "Slovakia"]
[Date "2019.03.17"]
[Round "11.7"]
[White "Trebula, Jozef"]
[Black "Paulina, Pavol"]
[Result "1-0"]
[WhiteElo "2092"]
[BlackElo "1900"]
[PlyCount "131"]
[EventDate "2018.10.27"]
[EventType "team-tourn"]
[EventRounds "11"]
[EventCountry "SVK"]
[SourceTitle "CBM 189 Extra"]
[Source "ChessBase"]
[SourceDate "2019.06.03"]
[SourceVersion "1"]
[SourceVersionDate "2019.06.03"]
[SourceQuality "1"]
[WhiteTeam "Banska Bystrica Junior"]
[BlackTeam "Michalovce Zemplin"]
[WhiteTeamCountry "SVK"]
[BlackTeamCountry "SVK"]

1. e4 e5 2. Nf3 Nf6 3. Nxe5 d6 4. Nf3 Nxe4 5. Nc3 Nxc3 6. dxc3 Be7 7. Be3 Be6 8. Qd2 a6 9. Nd4 Qd7 10. Be2 Bg4 11. Bd3 Nc6 12. f3 Be6 13. Nxe6 fxe6 14. 0-0-0 0-0-0 15. Kb1 Ne5 16. Be2 Bf6 17. Rhe1 Rhe8 18. f4 Nc6 19. Bg4 Qf7 20. Qd5 Kb8 21. Qb3 Na5 22. Qa4 Nc6 23. Bf3 Qd7 24. c4 Ne5 25. Qxd7 Nxd7 26. Bf2 g6 27. Re2 Re7 28. c5 d5 29. c4 c6 30. cxd5 exd5 31. Rxe7 Bxe7 32. b4 b6 33. Re1 Bf6 34. cxb6 Bc3 35. Re6 Kb7 36. Re7 h5 37. a3 a5 38. b5 Bf6 39. bxc6+ Kxc6 40. Re6+ Kb5 41. Rd6 Be7 42. Rxd5+ Ka6 43. Be2+ Kb7 44. Rxa5 Rb8 45. Ba6+ Kc6 46. Bb5+ Kd6 47. Bxd7 Kxd7 48. Ra7+ Ke6 49. a4 Bd6 50. g3 Rf8 51. Ra5 Rb8 52. Rb5 Kd7 53. Bd4 Rb7 54. Kc2 Kc6 55. Kd3 Re7 56. Be5 Bc5 57. Bd4 Bd6 58. Rb1 Rd7 59. Kc4 h4 60. a5 Kb7 61. Kb5 Bxf4 62. a6+ Kb8 63. gxf4 Rxd4 64. Re1 Rd8 65. a7+ Ka8 66. Ka6 1-0

[Event "SVK-chT1E 1819"]
[Site "Slovakia"]
[Date "2019.03.16"]
[Round "10.7"]
[White "Paulina, Pavol"]
[Black "Jakab, Robert"]
[Result "1/2-1/2"]
[WhiteElo "1900"]
[BlackElo "1889"]
[PlyCount "32"]
[EventDate "2018.10.27"]
[EventType "team-tourn"]
[EventRounds "11"]
[EventCountry "SVK"]
[SourceTitle "CBM 189 Extra"]
[Source "ChessBase"]
[SourceDate "2019.06.03"]
[SourceVersion "1"]
[SourceVersionDate "2019.06.03"]
[SourceQuality "1"]
[WhiteTeam "Michalovce Zemplin"]
[BlackTeam "Cebovce"]
[WhiteTeamCountry "SVK"]
[BlackTeamCountry "SVK"]

1. d4 d5 2. c4 dxc4 3. Nc3 e6 4. Nf3 Nf6 5. Bg5 Be7 6. e3 a6 7. Bxc4 b5 8. Be2 Bb7 9. 0-0 Nbd7 10. a3 c5 11. dxc5 Nxc5 12. Qxd8+ Rxd8 13. Rad1 0-0 14. Nd4 Nd5 15. Bxe7 Nxe7 16. Bf3 Bxf3 1/2-1/2

[Event "SVK-chT1E 1819"]
[Site "Slovakia"]
[Date "2018.10.27"]
[Round "1.8"]
[White "Kacir, Tomas1111"]
[Black "Paulina, Pavol"]
[Result "1-0"]
[WhiteElo "1754"]
[BlackElo "1881"]
[PlyCount "153"]
[EventDate "2018.10.27"]
[EventType "team-tourn"]
[EventRounds "11"]
[EventCountry "SVK"]
[SourceTitle "CBM 187 Extra"]
[Source "ChessBase"]
[SourceDate "2018.11.04"]
[SourceVersion "1"]
[SourceVersionDate "2018.11.04"]
[SourceQuality "1"]
[WhiteTeam "Sabinov"]
[BlackTeam "Michalovce Zemplin"]
[WhiteTeamCountry "SVK"]
[BlackTeamCountry "SVK"]

1. e4 e5 2. Nf3 Nf6 3. Nxe5 d6 4. Nf3 Nxe4 5. Qe2 Qe7 6. d3 Nf6 7. Bg5 Be6 8. Nc3 Nc6 9. d4 d5 10. 0-0-0 0-0-0 11. h3 h6 12. Bh4 g5 13. Bg3 Bg7 14. Ne5 Nxe5 15. Bxe5 Ne8 16. g4 Bxe5 17. Qxe5 Qf6 18. Qxf6 Nxf6 19. Bd3 h5 20. f3 Rh6 21. Ne2 Rdh8 22. Ng3 hxg4 23. hxg4 Rh3 24. Rxh3 Rxh3 25. Rg1 Ne8 26. Kd2 Kd7 27. Ke3 Nd6 28. b3 b6 29. Rh1 Rxh1 30. Nxh1 f5 31. Nf2 f4+ 32. Kd2 Ke7 33. Nd1 c5 34. c3 Bd7 35. Nb2 cxd4 36. cxd4 Nb5 37. Bxb5 Bxb5 38. Nd3 a5 39. a4 Be8 40. Ne5 b5 41. axb5 Bxb5 42. Kc3 Be8 43. Nd3 Kd6 44. Nc5 Bb5 45. Kd2 Be8 46. Nb7+ Kc6 47. Nc5 Bf7 48. Kc3 Kb5 49. Nd7 a4 50. bxa4+ Kxa4 51. Nf6 Bg6 52. Nxd5 Kb5 53. Nf6 Kc6 54. Ne4 Bf7 55. Nxg5 Bd5 56. Ne4 Kc7 57. Kd3 Kd8 58. Ke2 Ke7 59. Ng5 Bc4+ 60. Kf2 Kd6 61. Nh3 Kd5 62. Nxf4+ Kxd4 63. g5 Ke5 64. Kg3 Kf5 65. Nh3 Kg6 66. f4 Kf5 67. Ng1 Bb3 68. Nf3 Kg6 69. Kg4 Bd1 70. f5+ Kg7 71. Kf4 Bc2 72. Ke5 Bb3 73. Nd4 Bc4 74. Ne6+ Kf7 75. g6+ Ke7 76. f6+ Ke8 77. f7+ 1-0

[Event "SVK-chT1E 1617"]
[Site "Slovakia"]
[Date "2017.03.19"]
[Round "11.3"]
[White "Turkova, Karolina"]
[Black "Paulina, Pavol"]
[Result "1-0"]
[WhiteElo "1995"]
[BlackElo "1917"]
[PlyCount "71"]
[EventDate "2016.10.15"]
[EventType "team-tourn"]
[EventRounds "11"]
[EventCountry "SVK"]
[SourceTitle "EXT 2019"]
[Source "ChessBase"]
[SourceDate "2018.10.10"]
[SourceVersion "1"]
[SourceVersionDate "2018.10.10"]
[SourceQuality "1"]
[WhiteTeam "Liptov Chess School II"]
[BlackTeam "Michalovce Zemplin"]
[WhiteTeamCountry "SVK"]
[BlackTeamCountry "SVK"]

1. e4 e5 2. Nf3 Nf6 3. Nxe5 d6 4. Nf3 Nxe4 5. d4 d5 6. Bd3 Bg4 7. 0-0 Be7 8. Re1 f5 9. Be3 0-0 10. c4 c6 11. Be2 Bd6 12. cxd5 cxd5 13. Qb3 Kh8 14. Nc3 f4 15. Bc1 Nc6 16. Qxd5 Nf6 17. Qc4 Rc8 18. Qa4 a6 19. Bd2 Nb4 20. a3 b5 21. Qd1 Nc6 22. d5 Ne7 23. Ng5 Qd7 24. Bxg4 Qxg4 25. Qxg4 Nxg4 26. Re6 Bc5 27. Nge4 Ng6 28. Rxa6 f3 29. gxf3 Rxf3 30. Nxc5 Rxc5 31. Ra8+ Rf8 32. Rxf8+ Nxf8 33. Re1 Nf6 34. d6 Kg8 35. Re7 Nd5 36. d7 1-0

[Event "SVK-chT1E 1617"]
[Site "Slovakia"]
[Date "2017.03.18"]
[Round "10.5"]
[White "Paulina, Pavol"]
[Black "Balala, Anton"]
[Result "1-0"]
[WhiteElo "1917"]
[BlackElo "1809"]
[PlyCount "35"]
[EventDate "2016.10.15"]
[EventType "team-tourn"]
[EventRounds "11"]
[EventCountry "SVK"]
[SourceTitle "EXT 2019"]
[Source "ChessBase"]
[SourceDate "2018.10.10"]
[SourceVersion "1"]
[SourceVersionDate "2018.10.10"]
[SourceQuality "1"]
[WhiteTeam "Michalovce Zemplin"]
[BlackTeam "Liptovska Stiavnica"]
[WhiteTeamCountry "SVK"]
[BlackTeamCountry "SVK"]

1. d4 c5 2. d5 e5 3. c4 d6 4. Nc3 f5 5. e4 g6 6. f4 Bg7 7. Bd3 Ne7 8. Nf3 fxe4 9. Bxe4 Bg4 10. fxe5 Bxe5 11. Qa4+ Qd7 12. Nxe5 Qxa4 13. Nxa4 dxe5 14. Nxc5 Bc8 15. 0-0 Nd7 16. Ne6 Rb8 17. Ng7+ Kd8 18. d6 1-0

[Event "SVK-chT1E 1516"]
[Site "Slovakia"]
[Date "2016.03.20"]
[Round "11.5"]
[White "Hros, Roman"]
[Black "Paulina, Pavol"]
[Result "1-0"]
[WhiteElo "2147"]
[BlackElo "1953"]
[PlyCount "45"]
[EventDate "2015.10.24"]
[EventType "team-tourn"]
[EventRounds "11"]
[EventCountry "SVK"]
[SourceTitle "EXT 2017"]
[Source "ChessBase"]
[SourceDate "2016.10.25"]
[SourceVersion "1"]
[SourceVersionDate "2016.10.25"]
[SourceQuality "1"]
[WhiteTeam "Liptov Chess School II"]
[BlackTeam "Michalovce Zemplin"]
[WhiteTeamCountry "SVK"]
[BlackTeamCountry "SVK"]

1. e4 e5 2. Nf3 d6 3. Bc4 Nf6 4. Ng5 d5 5. exd5 Bd6 6. d3 0-0 7. Nc3 Nbd7 8. Nge4 Nb6 9. Bb3 Be7 10. Qf3 Kh8 11. Nxf6 Bxf6 12. Bd2 a5 13. a3 Bg5 14. Bxg5 Qxg5 15. Qg3 Qe7 16. 0-0 a4 17. Ba2 Nd7 18. Rae1 b6 19. f4 Qc5+ 20. Qe3 Qxe3+ 21. Rxe3 f6 22. fxe5 Nxe5 23. Rxe5 1-0

[Event "SVK-chT1E 0910"]
[Site "Slovakia"]
[Date "2010.01.16"]
[Round "6.5"]
[White "Paulina, Pavol"]
[Black "Belus, Benjamin"]
[Result "1-0"]
[WhiteElo "2047"]
[BlackElo "1987"]
[PlyCount "138"]
[EventDate "2009.10.17"]
[EventType "team"]
[EventRounds "11"]
[EventCountry "SVK"]
[SourceTitle "EXT 2011"]
[Source "ChessBase"]
[SourceDate "2010.11.26"]
[SourceVersion "1"]
[SourceVersionDate "2010.11.26"]
[SourceQuality "1"]
[WhiteTeam "Michalovce Zemplin"]
[BlackTeam "Kosice"]
[WhiteTeamCountry "SVK"]
[BlackTeamCountry "SVK"]

1. d4 d5 2. c4 e6 3. Nf3 Nf6 4. Bg5 Be7 5. e3 Nbd7 6. Be2 h6 7. Bh4 b6 8. Nc3 0-0 9. 0-0 Bb7 10. Rc1 c5 11. Ne5 Rc8 12. Bf3 Re8 13. cxd5 Nxd5 14. Bxe7 Rxe7 15. Nxd5 Bxd5 16. Bxd5 exd5 17. Nf3 Nf6 18. Ne5 Ne4 19. Qa4 Qd6 20. Qa6 Rcc7 21. Nd3 c4 22. Nf4 Red7 23. Qa4 Qc6 24. Qxc6 Rxc6 25. Nd3 f6 26. f3 Ng5 27. Nf4 Ne6 28. Ne2 b5 29. a3 a5 30. Ra1 Nc7 31. Kf2 Kf7 32. Rfc1 b4 33. Nf4 Nb5 34. axb4 axb4 35. Nd3 b3 36. Nc5 Rdc7 37. Ra5 Nd6 38. Na4 Ke6 39. Nc3 Nc8 40. Nxd5 Rb7 41. Nc3 Kf7 42. d5 Rcb6 43. e4 Rb4 44. Ke3 Nb6 45. Kd4 Nd7 46. f4 g5 47. g3 Ke7 48. e5 fxe5+ 49. fxe5 Nb8 50. Rf1 Nd7 51. Ra6 R7b6 52. Ra7 Rb7 53. Rxb7 Rxb7 54. e6 Nf6 55. Kxc4 Rb8 56. Ra1 Ng4 57. Ra7+ Kf6 58. Rf7+ Kg6 59. Kd4 Rd8 60. h3 Nf6 61. Rb7 Ne8 62. Rxb3 Ng7 63. Ke5 Nf5 64. Ne4 Ra8 65. Rf3 Ne7 66. Rf6+ Kh5 67. Rf7 Ng6+ 68. Kf5 Nh4+ 69. gxh4 Kxh4 1-0

[Event "SVK-chT2D 0809"]
[Site "Slovakia"]
[Date "2008.12.06"]
[Round "5.6"]
[White "Belus, Benjamin"]
[Black "Paulina, Pavol"]
[Result "0-1"]
[WhiteElo "1983"]
[BlackElo "2009"]
[PlyCount "110"]
[EventDate "2008.10.11"]
[EventType "team-tourn"]
[EventRounds "11"]
[EventCountry "SVK"]
[SourceTitle "EXT 2010"]
[Source "ChessBase"]
[SourceDate "2010.11.25"]
[SourceVersion "1"]
[SourceVersionDate "2010.11.25"]
[SourceQuality "1"]
[WhiteTeam "Kosice Akademik"]
[BlackTeam "Michalovce Zemplin II"]
[WhiteTeamCountry "SVK"]
[BlackTeamCountry "SVK"]

1. e4 e5 2. Nf3 Nf6 3. Nxe5 d6 4. Nxf7 Kxf7 5. d4 g6 6. Nc3 Kg7 7. Bc4 Nc6 8. h4 h5 9. Bg5 Be7 10. Qd2 Nxe4 11. Nxe4 d5 12. Bb3 dxe4 13. 0-0-0 Bxg5 14. hxg5 Bg4 15. f3 exf3 16. gxf3 Bxf3 17. Rhf1 Rf8 18. Rde1 Qxd4 19. Re7+ Kh8 20. Qxd4+ Nxd4 21. Bf7 Nf5 22. Rxc7 Nh4 23. Re1 Rac8 24. Ree7 Rxc7 25. Rxc7 Rd8 26. c4 Bc6 27. b4 Rd7 28. Rc8+ Kg7 29. Be8 Rd4 30. Rc7+ Kf8 31. Bxc6 Rxc4+ 32. Kb2 Rxc6 33. Rxb7 a6 34. a4 Nf3 35. b5 axb5 36. axb5 Rc5 37. b6 Rxg5 38. Kc3 Rb5 39. Kc4 Rb1 40. Kd5 g5 41. Ke4 g4 42. Kf4 Rb4+ 43. Kg3 h4+ 44. Kf2 Rb2+ 45. Ke3 Kg8 46. Ra7 Rxb6 47. Ra2 Kg7 48. Kf4 Rg6 49. Ra7+ Kh6 50. Ra2 Kh5 51. Ra5+ Ng5 52. Ra8 g3 53. Rh8+ Rh6 54. Rg8 Rf6+ 55. Ke5 Rf1 0-1

[Event "SVK-chT2D 0708"]
[Site "Slovakia"]
[Date "2007.12.02"]
[Round "6.2"]
[White "Cuper, Jan"]
[Black "Paulina, Pavol"]
[Result "1/2-1/2"]
[WhiteElo "2014"]
[BlackElo "1934"]
[PlyCount "21"]
[EventDate "2007.10.06"]
[EventType "team-tourn"]
[EventRounds "11"]
[EventCountry "SVK"]
[SourceTitle "EXT 2010"]
[Source "ChessBase"]
[SourceDate "2010.11.25"]
[SourceVersion "1"]
[SourceVersionDate "2010.11.25"]
[SourceQuality "1"]
[WhiteTeam "Bardejov BSK"]
[BlackTeam "Michalovce Zemplin II"]
[WhiteTeamCountry "SVK"]
[BlackTeamCountry "SVK"]

1. e4 e5 2. Nf3 Nf6 3. Nc3 Nc6 4. d4 exd4 5. Nxd4 Nxd4 6. Qxd4 d6 7. Bg5 Be7 8. Bc4 0-0 9. 0-0-0 Be6 10. f3 Ne8 11. Bxe7 1/2-1/2